<?xml version="1.0" encoding="UTF-8"?><marc:collection xmlns:marc="http://www.loc.gov/MARC21/slim">
  <marc:record>
    <marc:leader>00000nam##2200000za#4500</marc:leader>
    <marc:controlfield tag="001">9.683395</marc:controlfield>
    <marc:controlfield tag="003">CaOODSP</marc:controlfield>
    <marc:controlfield tag="005">20220901164846</marc:controlfield>
    <marc:controlfield tag="007">ta</marc:controlfield>
    <marc:controlfield tag="008">150407|2004||||xxc|||||     f|0| 0 fre|d</marc:controlfield>
    <marc:datafield tag="040" ind1=" " ind2=" ">
      <marc:subfield code="a">CaOODSP</marc:subfield>
      <marc:subfield code="b">fre</marc:subfield>
    </marc:datafield>
    <marc:datafield tag="043" ind1=" " ind2=" ">
      <marc:subfield code="a">n-cn---</marc:subfield>
    </marc:datafield>
    <marc:datafield tag="086" ind1="1" ind2=" ">
      <marc:subfield code="a">J2-213/2004F</marc:subfield>
    </marc:datafield>
    <marc:datafield tag="110" ind1="1" ind2=" ">
      <marc:subfield code="a">Canada.</marc:subfield>
      <marc:subfield code="b">Justice Canada.</marc:subfield>
    </marc:datafield>
    <marc:datafield tag="245" ind1="1" ind2="0">
      <marc:subfield code="a">Guide de traitement des victimes d'actes criminels : </marc:subfield>
      <marc:subfield code="b">application de la recherche à la pratique clinique / </marc:subfield>
      <marc:subfield code="c">[par) James K. Hill. Publ. par le Centre de la politique concernant les victimes. </marc:subfield>
    </marc:datafield>
    <marc:datafield tag="260" ind1=" " ind2=" ">
      <marc:subfield code="a">Ottawa - Ontario : </marc:subfield>
      <marc:subfield code="b">Justice Canada </marc:subfield>
      <marc:subfield code="c">2004.</marc:subfield>
    </marc:datafield>
    <marc:datafield tag="300" ind1=" " ind2=" ">
      <marc:subfield code="a">v, 53p. : </marc:subfield>
      <marc:subfield code="b">références ; </marc:subfield>
      <marc:subfield code="c">28 cm. + </marc:subfield>
      <marc:subfield code="e">6 fiches bilingues d'information: Traiement des victimes - notions de base.</marc:subfield>
    </marc:datafield>
    <marc:datafield tag="500" ind1=" " ind2=" ">
      <marc:subfield code="a">Sommaire: Notions de base d l'autothérapie -- Notions de base de la victimisation -- Notions de base des réactions des victimes et de l'adaptation -- Comment décider d'adresser un patient à un spécialiste de la santé mentale -- Notions de base des étapes du changement -- Principaux points à discuter dans une entrevue initiale.</marc:subfield>
    </marc:datafield>
    <marc:datafield tag="520" ind1="3" ind2=" ">
      <marc:subfield code="a">Ce manuel se veut un outil pour les personnes qui assurent des services de première ligne aux victimes de crimes. Il examine la recherche et la théorie sur plusieurs sujets et discute de leur application. Les sujets abordés comprennent l’autothérapie pour les personnes s’occupant des victimes d’actes criminels; un modèle de victimisation et de rétablissement; les réactions habituelles des victimes d’un crime; les stratégies d’adaptation des victimes; les modèles du changement pour le patient; et les questions que devraient poser les fournisseurs de services en ce qui a trait à l’évaluation. Renferme des fiches d’information et une bibliographie détaillée.</marc:subfield>
    </marc:datafield>
    <marc:datafield tag="563" ind1=" " ind2=" ">
      <marc:subfield code="a">Reliure à spirale</marc:subfield>
    </marc:datafield>
    <marc:datafield tag="590" ind1=" " ind2=" ">
      <marc:subfield code="a">06-32</marc:subfield>
      <marc:subfield code="b">2006-08-11</marc:subfield>
    </marc:datafield>
    <marc:datafield tag="691" ind1="0" ind2="7">
      <marc:subfield code="a">Justice pénale</marc:subfield>
      <marc:subfield code="2">gcpds</marc:subfield>
    </marc:datafield>
    <marc:datafield tag="691" ind1="0" ind2="7">
      <marc:subfield code="a">Victime</marc:subfield>
      <marc:subfield code="2">gcpds</marc:subfield>
    </marc:datafield>
    <marc:datafield tag="775" ind1="0" ind2="8">
      <marc:subfield code="t">Working with victims of crime : </marc:subfield>
      <marc:subfield code="w">(CaOODSP)9.650276</marc:subfield>
    </marc:datafield>
    <marc:datafield tag="776" ind1="0" ind2="#">
      <marc:subfield code="t">Guide de traitement des victimes d'actes criminels : </marc:subfield>
      <marc:subfield code="w">(CaOODSP)9.633163</marc:subfield>
    </marc:datafield>
    <marc:datafield tag="986" ind1=" " ind2=" ">
      <marc:subfield code="a">rr04VIC-2f</marc:subfield>
    </marc:datafield>
  </marc:record>
</marc:collection>
